| 000 | 00894 a2200193 4500 | ||
|---|---|---|---|
| 001 | 56771 | ||
| 005 | 20260407155831.0 | ||
| 008 | 260407a1972 arg spa d | ||
| 003 | AR-UNSa-BCEJYS | ||
| 040 |
_aAR-UNSa-BCEJYS _bspa _cAR-UNSa-BCEJYS |
||
| 080 |
_a165 _xTeoría del conocimiento. Epistemología |
||
| 245 | 1 | 0 | _aLógica y conocimiento, científico |
| 264 | 1 |
_aBuenos Aires : _bProteo _c1972 |
|
| 300 |
_a218 p. _c23 cm. |
||
| 505 | _a1. Epistemología de la psicología – 2.Epistemologia de la sociología – 3.Epistemologia Económica – 4.Epistemologia de la Lingüística – 5.Sobre la epistemología del azar en las ciencias sociales .Invariación de las leyes y verificación de las predicciones – 6. Los dos problemas principales de la epistemología de las ciencias del hombre. | ||
| 942 | _cBK | ||
| 590 | _aniveau_biblio:m niveau_hierar:0 | ||
| 100 | 1 | _aPiaget, Jean | |
| 999 |
_c6035 _d6035 |
||